<?xml version="1.0" encoding="UTF-8"?>
<record
    xmlns:xsi="http://www.w3.org/2001/XMLSchema-instance"
    xsi:schemaLocation="http://www.loc.gov/MARC21/slim http://www.loc.gov/standards/marcxml/schema/MARC21slim.xsd"
    xmlns="http://www.loc.gov/MARC21/slim">

  <leader>01335cam a22002411a 4500</leader>
  <controlfield tag="001">d  01000120 </controlfield>
  <controlfield tag="003">DLC</controlfield>
  <controlfield tag="005">20260227111148.0</controlfield>
  <controlfield tag="008">830727m18651870ne       b    001 0 dut  </controlfield>
  <datafield tag="010" ind1=" " ind2=" ">
    <subfield code="a">d  01000120 </subfield>
  </datafield>
  <datafield tag="035" ind1=" " ind2=" ">
    <subfield code="a">(OCoLC)9744820</subfield>
  </datafield>
  <datafield tag="040" ind1=" " ind2=" ">
    <subfield code="a">DLC</subfield>
    <subfield code="c">InGoM</subfield>
    <subfield code="d">OCoLC</subfield>
    <subfield code="d">UPB</subfield>
    <subfield code="d">DLC</subfield>
  </datafield>
  <datafield tag="050" ind1="0" ind2="0">
    <subfield code="a">DH186.5</subfield>
    <subfield code="b">.N95</subfield>
  </datafield>
  <datafield tag="100" ind1="1" ind2=" ">
    <subfield code="a">Nuyens, W. J. F.</subfield>
    <subfield code="q">(Willem Jan Frans),</subfield>
    <subfield code="d">1823-1894.</subfield>
  </datafield>
  <datafield tag="245" ind1="1" ind2="0">
    <subfield code="a">Geschiedenis der Nederlandsche beroerten in de XVIe eeuw /</subfield>
    <subfield code="c">Door W. J. F. Nuyens.</subfield>
  </datafield>
  <datafield tag="260" ind1=" " ind2=" ">
    <subfield code="a">Amsterdam :</subfield>
    <subfield code="b">C.L. van Langenhuysen,</subfield>
    <subfield code="c">1865-70.</subfield>
  </datafield>
  <datafield tag="300" ind1=" " ind2=" ">
    <subfield code="a">8 v. in 4 ;</subfield>
    <subfield code="c">23 cm.</subfield>
  </datafield>
  <datafield tag="500" ind1=" " ind2=" ">
    <subfield code="a">Binder's title: Nederlandsche Beroerten.</subfield>
  </datafield>
  <datafield tag="504" ind1=" " ind2=" ">
    <subfield code="a">Includes bibliographic references, errata and index.</subfield>
  </datafield>
  <datafield tag="505" ind1="0" ind2=" ">
    <subfield code="a">1. Geschiedenis van den oorsprong en het begin der Nederlandsche beroerten (1559-1567) -- 2. Geschiedenis van den opstand in de Nederlanden, van de komst van Alva tot aan de bevrediging van Gend (1567-1576) -- 3. Geschiedenis van den opstand in de Nederlanden, van de Gentsche bevrediging tot aan den dood van Willem van Oranje (Kalvinistische overheersching en katholieke reactie) (1576-1584) -- 4. Geschiedenis van de vorming van de republiek der zeven vereenigde provincien, (1584-1598). Each v. in 2 parts.</subfield>
  </datafield>
  <datafield tag="651" ind1=" " ind2="0">
    <subfield code="a">Netherlands</subfield>
    <subfield code="x">History</subfield>
    <subfield code="y">Eighty Years' War, 1568-1648.</subfield>
  </datafield>
  <datafield tag="740" ind1="0" ind2=" ">
    <subfield code="a">Nederlandsche Beroerten</subfield>
  </datafield>
  <datafield tag="999" ind1=" " ind2=" ">
    <subfield code="c">18597</subfield>
    <subfield code="d">18597</subfield>
  </datafield>
</record>
